000 00267nam a22001097a 4500
008 160510b xxu||||| |||| 00| 0 eng d
020 _a9781455739387
041 _aeng
080 _a617
245 _aSurgical clinics of North America:
_cRonald Martin;
942 _2udc
_cBK
999 _c1994
_d1994